000 00435nam a2200145 4500
001 106905
003 ES-MaACL
007 t|
008 061121s1955 sp r ||||1| spa d
100 1 _aMora Lara, Rafael José.
_982881
245 1 0 _aAnálisis clínicos por fotocolorimetría /
_cRafael José Mora Lara.
260 _aMadrid :
_bPaz Montalvo,
_c[1955?]
300 _a245 p. :
_bil. ;
_c21 cm.
852 _aES-MaACL
_jC-9617
_bR.37734
999 _c106905
_d106905